All Our Yesterdays: (Record no. 200195)

MARC details
000 -LEADER
fixed length control field 00514nam a22001697a 4500
005 - DATE AND TIME OF LATEST TRANSACTION
control field 20240117161218.0
010 ## - LCCN (DPL NO)
LC control number ENG-138924
020 ## - INTERNATIONAL STANDARD BOOK NUMBER
Terms of availability 1200.00
International Standard Book Number 9788194964025
035 ## - SYSTEM CONTROL NUMBER
System control number EN-122456
037 ## - SOURCE OF ACQUISITION
Source of stock number/acquisition DBAD/PUB
082 ## - DEWEY DECIMAL CLASSIFICATION NUMBER
Classification number 378.73
245 ## - TITLE STATEMENT
Title All Our Yesterdays:
Remainder of title Janki Devi Memorial College At 60/
260 ## - PUBLICATION, DISTRIBUTION, ETC. (IMPRINT)
Place of publication, distribution, etc New Delhi
Name of publisher, distributor, etc Vitasta Publishing Pvt ltd
Date of publication, distribution, etc 2021
270 ## - ADDRESS
Address 2/15, Ansari Road, Daryaganj,
City New Delhi
Postal code 110002
300 ## - PHYSICAL DESCRIPTION
Extent 261p.
Dimensions 29cm(hb)
942 ## - ADDED ENTRY ELEMENTS (KOHA)
Source of classification or shelving scheme Dewey Decimal Classification
Item type English Books
Classification part 378.78
Call number suffix ALL
Holdings
Withdrawn status Lost status Not for loan Collection code Home library Current library Date acquired Source of acquisition Cost, normal purchase price Full call number Barcode Copy number Cost, replacement price Koha item type
    Not For Loan Reference Ashok Vihar Ashok Vihar 17/01/2024 DBAD/PUB 1200.00 378.78 ALL EN-122456 1 1200.00 English Books

© Delhi Public Library
Hit Counter
free hit counter